| 000 | 00830nam a2200277 a 4500 | ||
|---|---|---|---|
| 001 | 73658 | ||
| 003 | BD-RjUL | ||
| 005 | 20211209082426.0 | ||
| 008 | 170606s19591939enka b 001 0 eng d | ||
| 035 | _a(BD-RjUL)73876 | ||
| 040 |
_aBD-RjUL _beng _cBD-RjUL _dBD-RjUL |
||
| 041 | _aeng | ||
| 082 |
_223 _a536 _bALT 1959 |
||
| 100 | 1 |
_aAllen, Herbert Stanley, _d1873-1954. _9218028 |
|
| 245 | 1 | 2 |
_aA text-book of heat / _cH.S.Allen and R.S.Maxwell |
| 260 |
_aLondon : _bMacmillan, _c1939 [reprinted1952] |
||
| 300 |
_apt. : _bill. ; _c23 cm |
||
| 500 | _aDate on title page 1945; date of publication 1939 | ||
| 504 | _aIncludes bibliographical references and index | ||
| 505 | 0 | _aPart I-- | |
| 650 | 0 |
_aHeat _9218029 |
|
| 650 | 0 |
_aScientists _9218030 |
|
| 700 | 1 |
_aMaxwell, R. S. _9228978 |
|
| 942 |
_2ddc _cBK |
||
| 999 |
_c73658 _d73658 |
||